000 00670nam a2200289Ia 4500
005 20260324133227.0
008 008 260324s9999 xx 000 0 eng d
020 _a9781410607010
037 _aEBOOK
040 _aCRL
040 _beng
040 _cCRL
041 _2eng
041 _aeng
084 _qCRL
100 _aHarlene Hayne; Jeffrey Fagen
_91192278
245 0 _aProgress in infancy Research
245 0 _bVolume 3
260 _bTaylor and Francis
260 _c2003
365 _a
365 _b220
856 _uhttp://www.taylorfrancis.com/books/9781410607010
942 _cEBOOK
999 _c1791145
_d1791145